مكتبة جامعة عجلون الوطنية

فهرس بحث المكتبة

Normal view MARC view
  • الدعوة الاسلامية - قصص القران - تفسير

Entry Topical Term

Number of records used in: 1

001 - CONTROL NUMBER

  • control field: 14280

003 - CONTROL NUMBER IDENTIFIER

  • control field: JO-AjAnu

005 - DATE AND TIME OF LATEST TRANSACTION

  • control field: 20230606072600.0

008 - FIXED-LENGTH DATA ELEMENTS

  • fixed length control field: 230606|| aca||aabn | a|a d

040 ## - CATALOGING SOURCE

  • Original cataloging agency: JO-AjAnu
  • Transcribing agency: JO-AjAnu

150 ## - HEADING--TOPICAL TERM

  • Topical term or geographic name entry element: الدعوة الاسلامية - قصص القران - تفسير

670 ## - SOURCE DATA FOUND

  • Source citation: Work cat.: (JO-AjAnu)7338: تاليف البطايحة، أبي عبادة عمر صالح, author 14279, منهج الدعوة في القصة القرآنية